| 000 | 00511cam a22001451 4500 | ||
|---|---|---|---|
| 082 |
_a955 _bCUR |
||
| 100 | 1 | _aCurzon of Kedleston, George Nathaniel Curzon, | |
| 245 | 1 | 0 |
_aPersia and the Persian question, _cby the Hon. George N. Curzon. |
| 260 |
_aLondon, _aNew York, _bLongmans, Green & co., _c1892. |
||
| 300 |
_a2 v. _billus., plates, ports., maps (1 fold.) _c23 cm. |
||
| 526 |
_a0 _b0 _c0 _d955_000000000000000_CUR |
||
| 650 | 0 |
_aEastern question (Central Asia) _95486 |
|
| 650 | 0 |
_aMCE _9379 |
|
| 942 |
_2ddc _cBK |
||
| 999 |
_c552790 _d552790 |
||